书目信息 |
| 题名: |
寻找无双
|
|
| 作者: | 王小波, 著 | |
| 分册: | ||
| 出版信息: | 南京 译林出版社 2017 |
|
| 页数: | 211页 | |
| 开本: | 24cm | |
| 丛书名: | 王小波全集 | |
| 单 册: | ||
| 中图分类: | I217.02 | |
| 科图分类: | ||
| 主题词: | 长篇小说--chang pian xiao shuo--中国--现代 , 电影文学剧本--dian ying wen xue ju ben--中国--现代 | |
| 电子资源: | ||
| ISBN: | 978-7-5447-6568-8 | |
| 000 | 00906nam0 22002771 450 | |
| 001 | 0119171321 | |
| 005 | 20170619171321.0 | |
| 010 | @a978-7-5447-6568-8@b精装@dCNY48.00 | |
| 100 | @a20170405d2017 em y0chiy50 ea | |
| 101 | 0 | @achi |
| 102 | @aCN@b320000 | |
| 105 | @ay z 000zy | |
| 106 | @ar | |
| 200 | 1 | @a寻找无双@9xin zhao wu shuang@f王小波著 |
| 210 | @a南京@c译林出版社@d2017 | |
| 215 | @a211页@d24cm | |
| 225 | 2 | @a王小波全集@9wang xiao bo quan ji@e珍藏版 |
| 330 | @a本书收录了长篇小说《寻找无双》以及剧本《东宫·西宫》两部文学作品。 | |
| 333 | @a本书适用于小说爱好者 | |
| 461 | 0 | @12001 @a王小波全集@e珍藏版 |
| 606 | 0 | @a长篇小说@9chang pian xiao shuo@y中国@z现代 |
| 606 | 0 | @a电影文学剧本@9dian ying wen xue ju ben@y中国@z现代 |
| 690 | @aI217.02@v5 | |
| 701 | 0 | @a王小波,@9wang xiao bo ,@f1952-1997@4著 |
| 801 | 0 | @aCN@b百万庄@c20170617 |
| 905 | @b1012665-70@dI217.02@e794@f6 | |
| 寻找无双/王小波著.-南京:译林出版社,2017 |
| 211页;24cm.-(王小波全集:珍藏版) |
| 使用对象:本书适用于小说爱好者 |
| ISBN 978-7-5447-6568-8(精装):CNY48.00 |
| 本书收录了长篇小说《寻找无双》以及剧本《东宫·西宫》两部文学作品。 |
| ● |
| 相关链接 |
|
|
|
|
正题名:寻找无双
索取号:I217.02/794
 
预约/预借
| 序号 | 登录号 | 条形码 | 馆藏地/架位号 | 状态 | 备注 |
| 1 | 1012665 | 210126656 | 第一样本阅览室/ [索取号:I217.02/794] | 在馆 | |
| 2 | 1012666 | 210126665 | 教育系资料室/ [索取号:I217.02/794] | 在馆 | |
| 3 | 1012667 | 210126674 | 教育系资料室/ [索取号:I217.02/794] | 在馆 | |
| 4 | 1012668 | 210126683 | 教育系资料室/ [索取号:I217.02/794] | 在馆 | |
| 5 | 1012669 | 210126692 | 第二借阅区/ [索取号:I217.02/794] | 在馆 | |
| 6 | 1012670 | 210126709 | 第二借阅区/ [索取号:I217.02/794] | 在馆 |